00717nam a22002057a 4500003000500000005001700005008004100022010001000063011001000073035001000083040000900093082001700102100009600119245011300215260003900328300002300367490003000390650004000420830005100460CHAP20230822062638.0971013s1983 r 00010 d a30218 a31190 a35302 cCHAP a338.972bC6500aCoordinación General del Plan Nacional de Zonas Deprimidas y Grupos Marginados. México. aMacroeconomía de las necesidades esenciales de Méxicob: situación actual y perspectivas al año 2000 aMéxico, D.F. :bSiglo XXI,c1983 a224 p.b; gráfs. aEconomía y demografía14aMéxicoxCondiciones económicas.04aEconomía y demografía (Siglo XXI Editores)